| 000 | 00368nam a2200121Ia 4500 | ||
|---|---|---|---|
| 008 | 220217s9999 xx 000 0 und d | ||
| 245 | 0 | _aMethods of test for vulcanized rubbers. Part XI. Determination of rebound resilience. | |
| 260 | _c1969 | ||
| 500 | _aStandard number: IS 3400 Part XI | ||
| 650 | _aRebound resilience | ||
| 650 | _aVulcanized rubber | ||
| 942 | _cST | ||
| 999 |
_c73682 _d73682 |
||